[Event "Yerevan zt"]
[Site "Yerevan"]
[Date "1982.??.??"]
[Round "11"]
[White "Dolmatov, Sergey"]
[Black "Tukmakov, Vladimir"]
[Result "1/2-1/2"]
[WhiteElo "2590"]
[BlackElo "2500"]
[PlyCount "68"]
[EventDate "1982.02.??"]
[EventType "tourn"]
[EventRounds "15"]
[EventCountry "URS"]
[EventCategory "12"]
[SourceTitle "MCL"]
[Source "ChessBase"]
[SourceDate "1999.07.01"]
[SourceVersion "1"]
[SourceVersionDate "1999.07.01"]
[SourceQuality "1"]

1. e4 c5 2. Nf3 d6 3. d4 cxd4 4. Nxd4 Nf6 5. Nc3 a6 6. f4 e5 7. Nf3 Nbd7 8. a4
Qc7 9. Bd3 b6 10. O-O Bb7 11. Qe2 Be7 12. fxe5 dxe5 13. Nh4 g6 14. Bh6 Bf8 15.
Bxf8 Kxf8 16. Bc4 Kg7 17. Rad1 Rhf8 18. Rf3 b5 19. axb5 axb5 20. Bxb5 Rad8 21.
Bxd7 Rxd7 22. Rxd7 Qxd7 23. Rf2 Ra8 24. h3 Qe7 25. Nf3 Qb4 26. Qe3 Qxb2 27.
Nxe5 Ra6 28. Nxf7 Qb6 29. Qxb6 Rxb6 30. Ne5 Re6 31. Nf3 Nxe4 32. Re2 Nc5 33.
Rxe6 Nxe6 34. Kf2 Bxf3 1/2-1/2

[Event "Yerevan zt"]
[Site "Yerevan"]
[Date "1982.??.??"]
[Round "12"]
[White "Dolmatov, Sergey"]
[Black "Gavrikov, Viktor"]
[Result "1/2-1/2"]
[WhiteElo "2590"]
[BlackElo "2430"]
[PlyCount "110"]
[EventDate "1982.02.??"]
[EventType "tourn"]
[EventRounds "15"]
[EventCountry "URS"]
[EventCategory "12"]
[SourceTitle "MCL"]
[Source "ChessBase"]
[SourceDate "1999.07.01"]
[SourceVersion "1"]
[SourceVersionDate "1999.07.01"]
[SourceQuality "1"]

1. e4 c5 2. Nf3 d6 3. d4 cxd4 4. Nxd4 Nf6 5. Nc3 a6 6. f4 e5 7. Nf3 Nbd7 8. a4
Be7 9. Bc4 O-O 10. Qe2 Qa5 11. Ba2 Qb4 12. O-O exf4 13. Kh1 Nc5 14. Bd2 Bd8 15.
Bc4 Ne6 16. Nd5 Qc5 17. Bb4 Qc6 18. Bb5 axb5 19. axb5 Qd7 20. Rxa8 Nxd5 21.
exd5 Nc7 22. Rxc8 Qxc8 23. Bxd6 Re8 24. Qd3 Qd7 25. Bxf4 Qxd5 26. Qxd5 Nxd5 27.
Bd2 Re4 28. Ra1 Kf8 29. Ra8 Ke8 30. Ra7 b6 31. b3 Nc7 32. c4 Ne6 33. Ra1 f5 34.
Kg1 g5 35. Kf1 g4 36. Ne1 Bc7 37. g3 Nd4 38. Rb1 f4 39. gxf4 Bxf4 40. Bxf4
Rxf4+ 41. Kg2 Re4 42. Nd3 Re2+ 43. Nf2 h5 44. b4 Rc2 45. c5 Nxb5 46. cxb6 Kd7
47. Rd1+ Kc6 48. Rd5 Nc3 49. Rxh5 Ne4 50. Rf5 Rb2 51. Rf4 Nxf2 52. Rxf2 Rxb4
53. Rf6+ Kd5 54. Kg3 Ke5 55. Rh6 Kf5 1/2-1/2

[Event "Minsk"]
[Site "Minsk"]
[Date "1982.05.12"]
[Round "5"]
[White "Dolmatov, Sergey"]
[Black "Rodriguez Cespedes, Amador"]
[Result "1/2-1/2"]
[WhiteElo "2590"]
[BlackElo "2485"]
[PlyCount "65"]
[EventDate "1982.05.??"]
[EventType "tourn"]
[EventRounds "15"]
[EventCountry "URS"]
[EventCategory "11"]
[SourceTitle "MCL"]
[Source "ChessBase"]
[SourceDate "1999.07.01"]
[SourceVersion "1"]
[SourceVersionDate "1999.07.01"]
[SourceQuality "1"]

1. e4 e5 2. Nf3 Nc6 3. Bc4 Bc5 4. c3 Nf6 5. d3 a6 6. O-O d6 7. Bb3 O-O 8. Re1
Ba7 9. h3 Be6 10. Nbd2 Bxb3 11. Qxb3 Rb8 12. Nf1 Qd7 13. Ng3 Rfe8 14. Bg5 Qe6
15. Qxe6 Rxe6 16. Rad1 Rbe8 17. Bxf6 Rxf6 18. d4 exd4 19. cxd4 Rf4 20. Re2 f5
21. d5 Ne5 22. Ng5 fxe4 23. Ne6 Rf7 24. Nxe4 Rfe7 25. Ng3 Rf7 26. Ne4 Rfe7 27.
Kf1 Nc4 28. Rc1 c6 29. Rxc4 cxd5 30. Nc7 Rxe4 31. Rcxe4 Rxe4 32. Nxd5 Rxe2 33.
Kxe2 1/2-1/2

[Event "Minsk"]
[Site "Minsk"]
[Date "1982.05.16"]
[Round "7"]
[White "Dolmatov, Sergey"]
[Black "Rivas Pastor, Manuel"]
[Result "1-0"]
[WhiteElo "2590"]
[BlackElo "2470"]
[PlyCount "67"]
[EventDate "1982.05.??"]
[EventType "tourn"]
[EventRounds "15"]
[EventCountry "URS"]
[EventCategory "11"]
[SourceTitle "MCL"]
[Source "ChessBase"]
[SourceDate "1999.07.01"]
[SourceVersion "1"]
[SourceVersionDate "1999.07.01"]
[SourceQuality "1"]

1. d4 d5 2. c4 c6 3. Nf3 Nf6 4. Nc3 e6 5. Bg5 dxc4 6. e4 b5 7. e5 h6 8. Bh4 g5
9. Nxg5 hxg5 10. Bxg5 Nbd7 11. g3 Bb7 12. Bg2 Qb6 13. exf6 c5 14. d5 O-O-O 15.
O-O b4 16. Na4 Qb5 17. a3 exd5 18. Re1 d4 19. axb4 Bxg2 20. Kxg2 cxb4 21. Qxd4
Qxg5 22. Qxc4+ Kb8 23. Rad1 Qa5 24. Rd5 Qc7 25. Qd3 Bh6 26. Re7 Qc6 27. Qb5+
Kc7 28. Qc5 Kb7 29. Qxb4+ Ka8 30. Qe4 Nb8 31. Nc3 Rxd5 32. Nxd5 Rc8 33. b4 Bf8
34. b5 1-0

[Event "Minsk"]
[Site "Minsk"]
[Date "1982.05.17"]
[Round "8"]
[White "Dydyshko, Viacheslav"]
[Black "Dolmatov, Sergey"]
[Result "0-1"]
[WhiteElo "2450"]
[BlackElo "2590"]
[PlyCount "70"]
[EventDate "1982.05.??"]
[EventType "tourn"]
[EventRounds "15"]
[EventCountry "URS"]
[EventCategory "11"]
[SourceTitle "MCL"]
[Source "ChessBase"]
[SourceDate "1999.07.01"]
[SourceVersion "1"]
[SourceVersionDate "1999.07.01"]
[SourceQuality "1"]

1. d4 Nf6 2. c4 e6 3. Nf3 c5 4. d5 exd5 5. cxd5 d6 6. Nc3 g6 7. e4 Bg7 8. Be2
O-O 9. Nd2 a6 10. a4 Re8 11. O-O Nbd7 12. Qc2 Ne5 13. b3 g5 14. Bb2 Rb8 15. Kh1
Ng6 16. Rae1 Ng4 17. g3 h5 18. Nd1 Bxb2 19. Qxb2 b5 20. axb5 axb5 21. f3 Nf6
22. Ne3 g4 23. fxg4 Nxg4 24. Bxg4 hxg4 25. Nf5 Bxf5 26. exf5 Rxe1 27. Rxe1 Ne5
28. Ne4 f6 29. Ra1 Qe7 30. Qd2 Kg7 31. h4 c4 32. bxc4 bxc4 33. Qf4 Rb5 34. Nxd6
Qxd6 35. Ra7+ Kg8 0-1

[Event "Minsk"]
[Site "Minsk"]
[Date "1982.05.18"]
[Round "9"]
[White "Dolmatov, Sergey"]
[Black "Kupreichik, Viktor"]
[Result "1-0"]
[WhiteElo "2590"]
[BlackElo "2570"]
[PlyCount "81"]
[EventDate "1982.05.??"]
[EventType "tourn"]
[EventRounds "15"]
[EventCountry "URS"]
[EventCategory "11"]
[SourceTitle "MCL"]
[Source "ChessBase"]
[SourceDate "1999.07.01"]
[SourceVersion "1"]
[SourceVersionDate "1999.07.01"]
[SourceQuality "1"]

1. d4 Nf6 2. c4 g6 3. Nc3 Bg7 4. e4 d6 5. f3 a6 6. Bg5 c6 7. Bd3 e5 8. d5 cxd5
9. cxd5 b5 10. b4 Nbd7 11. Nge2 Nb6 12. a4 bxa4 13. Nxa4 O-O 14. O-O Rb8 15.
Be3 Nbxd5 16. exd5 Nxd5 17. Ba7 Rxb4 18. Be4 Nf6 19. Nac3 Nxe4 20. fxe4 a5 21.
Qd3 Be6 22. Rfd1 Bc4 23. Qxd6 Qxd6 24. Rxd6 Bxe2 25. Nxe2 Rxe4 26. Kf1 Rc8 27.
Rxa5 Bf8 28. Rd1 Rc2 29. Ng3 Rf4+ 30. Kg1 Rb4 31. Rxe5 Rbb2 32. Re8 Ra2 33. Bd4
Rxg2+ 34. Kf1 Rgc2 35. Ne4 f5 36. Bc5 fxe4 37. Rxf8+ Kg7 38. Rd7+ Kh6 39. Be3+
g5 40. Rf6+ Kh5 41. Rxh7+ 1-0

[Event "Minsk"]
[Site "Minsk"]
[Date "1982.05.21"]
[Round "11"]
[White "Dolmatov, Sergey"]
[Black "Groszpeter, Attila"]
[Result "1-0"]
[WhiteElo "2590"]
[BlackElo "2475"]
[PlyCount "73"]
[EventDate "1982.05.??"]
[EventType "tourn"]
[EventRounds "15"]
[EventCountry "URS"]
[EventCategory "11"]
[SourceTitle "MCL"]
[Source "ChessBase"]
[SourceDate "1999.07.01"]
[SourceVersion "1"]
[SourceVersionDate "1999.07.01"]
[SourceQuality "1"]

1. d4 Nf6 2. c4 e6 3. Nf3 b6 4. g3 Bb7 5. Bg2 Be7 6. Nc3 Ne4 7. Bd2 O-O 8. d5
f5 9. Qc2 Bf6 10. Nxe4 fxe4 11. Qxe4 exd5 12. cxd5 Re8 13. Qc2 Bxd5 14. O-O Be4
15. Qb3+ d5 16. Bc3 c5 17. Bxf6 Qxf6 18. Rad1 Nc6 19. Rxd5 Bxd5 20. Qxd5+ Kh8
21. Ng5 Ne5 22. f4 Red8 23. Qb3 Qe7 24. Qc2 Ng6 25. e4 Ne5 26. Qe2 Nf7 27. h4
Rd4 28. e5 Nxg5 29. hxg5 Rad8 30. e6 Qd6 31. f5 Qxg3 32. e7 Re8 33. f6 gxf6 34.
gxf6 Rh4 35. Rf3 Qh2+ 36. Kf1 Rf4 37. f7 1-0

[Event "Minsk"]
[Site "Minsk"]
[Date "1982.05.22"]
[Round "12"]
[White "Kuzmin, Gennadi"]
[Black "Dolmatov, Sergey"]
[Result "0-1"]
[WhiteElo "2545"]
[BlackElo "2590"]
[PlyCount "50"]
[EventDate "1982.05.??"]
[EventType "tourn"]
[EventRounds "15"]
[EventCountry "URS"]
[EventCategory "11"]
[SourceTitle "MCL"]
[Source "ChessBase"]
[SourceDate "1999.07.01"]
[SourceVersion "1"]
[SourceVersionDate "1999.07.01"]
[SourceQuality "1"]

1. e4 e6 2. d4 d5 3. Nc3 Bb4 4. e5 c5 5. Qg4 Ne7 6. Nf3 cxd4 7. Nxd4 Ng6 8. Nf3
Nc6 9. Bd2 d4 10. Ne4 Bxd2+ 11. Nexd2 Qa5 12. O-O-O Qxa2 13. h4 h5 14. Qg5 Qa1+
15. Nb1 Bd7 16. Bb5 a6 17. Bxc6 Bxc6 18. Nxd4 Bd5 19. Ne2 Bc4 20. Nec3 b5 21.
Rh3 b4 22. Ne4 O-O 23. Nf6+ gxf6 24. exf6 Rad8 25. Rhd3 Ba2 0-1

[Event "Minsk"]
[Site "Minsk"]
[Date "1982.05.25"]
[Round "13"]
[White "Dolmatov, Sergey"]
[Black "Marjanovic, Slavoljub"]
[Result "1-0"]
[WhiteElo "2590"]
[BlackElo "2515"]
[PlyCount "88"]
[EventDate "1982.05.??"]
[EventType "tourn"]
[EventRounds "15"]
[EventCountry "URS"]
[EventCategory "11"]
[SourceTitle "MCL"]
[Source "ChessBase"]
[SourceDate "1999.07.01"]
[SourceVersion "1"]
[SourceVersionDate "1999.07.01"]
[SourceQuality "1"]

1. d4 d5 2. c4 e6 3. Nf3 c5 4. cxd5 exd5 5. Nc3 Nc6 6. g3 Nf6 7. Bg2 Be7 8. O-O
O-O 9. Bg5 cxd4 10. Nxd4 h6 11. Be3 Bg4 12. h3 Be6 13. Kh2 Qd7 14. Nxc6 bxc6
15. Na4 Bf5 16. Rc1 Rfe8 17. Bc5 Be4 18. Bxe7 Bxg2 19. Kxg2 Rxe7 20. Nc5 Qe8
21. e3 Ne4 22. Qa4 Rb8 23. b3 Rb6 24. Nxe4 dxe4 25. Rfd1 Kh7 26. Rd6 Qc8 27.
Rcxc6 Qf5 28. Rxb6 axb6 29. Qc4 Qf3+ 30. Kg1 Re5 31. Rd5 Re6 32. a4 Rf6 33. Rd2
h5 34. h4 Rf5 35. b4 Qg4 36. Qc3 f6 37. Qc8 Qf3 38. Qe6 Kh6 39. Qxb6 g5 40.
hxg5+ Rxg5 41. Qb8 Rf5 42. Qh8+ Kg6 43. Qg8+ Kh6 44. Qc4 Rg5 1-0

[Event "Minsk"]
[Site "Minsk"]
[Date "1982.05.26"]
[Round "14"]
[White "Mochalov, Evgeny"]
[Black "Dolmatov, Sergey"]
[Result "0-1"]
[WhiteElo "2435"]
[BlackElo "2590"]
[PlyCount "110"]
[EventDate "1982.05.??"]
[EventType "tourn"]
[EventRounds "15"]
[EventCountry "URS"]
[EventCategory "11"]
[SourceTitle "MCL"]
[Source "ChessBase"]
[SourceDate "1999.07.01"]
[SourceVersion "1"]
[SourceVersionDate "1999.07.01"]
[SourceQuality "1"]

1. d4 Nf6 2. Nf3 e6 3. g3 c5 4. Bg2 cxd4 5. Nxd4 d6 6. O-O Be7 7. c4 O-O 8. Nc3
a6 9. b3 Nbd7 10. Bb2 Qc7 11. Rc1 Rb8 12. e3 Re8 13. Qe2 Nf8 14. Rfd1 Bd7 15.
Rd2 Rbc8 16. Qf3 Rb8 17. Qd1 Red8 18. Qe2 Be8 19. Rdc2 Rdc8 20. Bh3 Qd8 21. Rd2
Qa5 22. Rdc2 Bd7 23. a3 Qb6 24. b4 Rc7 25. Nb3 Qa7 26. b5 Rbc8 27. Nd2 Ng6 28.
Bf1 axb5 29. cxb5 d5 30. Qd1 e5 31. Na4 Rxc2 32. Rxc2 Rd8 33. Rc1 h5 34. Bd3
Bd6 35. Nf1 h4 36. Nc3 hxg3 37. hxg3 Ne7 38. Qa4 Qb8 39. Qh4 e4 40. Be2 Nf5 41.
Qh1 Be5 42. g4 Ne7 43. g5 Nh7 44. Qg2 Bf5 45. Nd2 Ng6 46. Bg4 Bxg4 47. Qxg4
Nhf8 48. f4 Qa7 49. Nf1 Bxf4 50. Nd1 Be5 51. Bxe5 Nxe5 52. Qf5 Qxa3 53. Rc7 Qa1
54. Nc3 Nf3+ 55. Kf2 Qe1+ 0-1

[Event "Minsk"]
[Site "Minsk"]
[Date "1982.05.28"]
[Round "15"]
[White "Dolmatov, Sergey"]
[Black "Inkiov, Ventzislav"]
[Result "1/2-1/2"]
[WhiteElo "2590"]
[BlackElo "2470"]
[PlyCount "41"]
[EventDate "1982.05.??"]
[EventType "tourn"]
[EventRounds "15"]
[EventCountry "URS"]
[EventCategory "11"]
[SourceTitle "MCL"]
[Source "ChessBase"]
[SourceDate "1999.07.01"]
[SourceVersion "1"]
[SourceVersionDate "1999.07.01"]
[SourceQuality "1"]

1. d4 Nf6 2. c4 e6 3. Nf3 d5 4. Nc3 Bb4 5. Bg5 h6 6. Bxf6 Qxf6 7. e3 O-O 8. Rc1
Bxc3+ 9. Rxc3 c6 10. Bd3 Nd7 11. O-O dxc4 12. Rxc4 e5 13. Qc2 exd4 14. Rxd4 Qe7
15. Rd1 Nf6 16. e4 Be6 17. e5 Nd7 18. Qe2 Rfd8 19. Bb1 Nf8 20. Qe3 Bg4 21. Rxd8
1/2-1/2

[Event "URS Cup"]
[Site "Kislovodsk"]
[Date "1982.06.??"]
[Round "?"]
[White "Dolmatov, Sergey"]
[Black "Gavrikov, Viktor"]
[Result "1/2-1/2"]
[WhiteElo "2590"]
[BlackElo "2430"]
[PlyCount "102"]
[EventDate "1982.06.??"]
[EventType "team"]
[EventRounds "7"]
[EventCountry "URS"]
[SourceTitle "EXT 2009"]
[Source "ChessBase"]
[SourceDate "2008.11.26"]
[SourceVersion "1"]
[SourceVersionDate "2008.11.26"]
[SourceQuality "1"]

1. e4 c5 2. Nf3 d6 3. d4 cxd4 4. Nxd4 Nf6 5. Nc3 a6 6. Be2 e5 7. Nb3 Be7 8. O-O
O-O 9. Be3 Be6 10. Qd2 Nbd7 11. a4 Rc8 12. f3 Qc7 13. Rfc1 Nb6 14. a5 Nc4 15.
Bxc4 Qxc4 16. Bg5 Rfd8 17. Bxf6 Bxf6 18. Rd1 h6 19. Ra4 Qc6 20. Rb4 Bg5 21. Qe2
Rd7 22. Rb6 Qc7 23. Kh1 Be7 24. Rd2 Qc4 25. Qxc4 Rxc4 26. Kg1 Bg5 27. Rd3 Rc6
28. Rb4 g6 29. Ra4 f5 30. Nd2 Bd8 31. Nb3 Kf7 32. Rd1 h5 33. Rd2 Bg5 34. Rd1
Be3+ 35. Kh1 f4 36. Nc1 g5 37. Nd3 g4 38. Nb4 Rc8 39. Nbd5 Ba7 40. g3 gxf3 41.
Rf1 Bg4 42. Nb6 Bxb6 43. axb6 fxg3 44. hxg3 h4 45. gxh4 Rh8 46. Kh2 Ke6 47. Kg3
Rg7 48. Rc4 Bh5+ 49. Kf2 Rg2+ 50. Ke3 Rxc2 51. Rc7 Rf8 1/2-1/2

[Event "URS Cup"]
[Site "Kislovodsk"]
[Date "1982.06.??"]
[Round "?"]
[White "Makarychev, Sergey"]
[Black "Dolmatov, Sergey"]
[Result "0-1"]
[WhiteElo "2505"]
[BlackElo "2590"]
[PlyCount "126"]
[EventDate "1982.06.??"]
[EventType "team"]
[EventRounds "7"]
[EventCountry "URS"]
[SourceTitle "EXT 2009"]
[Source "ChessBase"]
[SourceDate "2008.11.26"]
[SourceVersion "1"]
[SourceVersionDate "2008.11.26"]
[SourceQuality "1"]

1. e4 c5 2. Nf3 e6 3. d4 cxd4 4. Nxd4 Nc6 5. Nc3 d6 6. g3 Nf6 7. Bg2 Bd7 8. O-O
Be7 9. Nce2 O-O 10. c4 a6 11. Bd2 Rc8 12. b3 Qc7 13. Re1 Ne5 14. Bb4 Rfd8 15.
Qd2 Be8 16. Rad1 Ned7 17. Nc3 Nc5 18. Qe2 Qb6 19. Ba3 Bf8 20. Bb2 g6 21. h3 Bg7
22. Qe3 Qc7 23. Rd2 Qb8 24. Red1 b5 25. cxb5 axb5 26. b4 Na6 27. a3 Nc7 28. Nb3
Na8 29. Bf1 h5 30. Nd4 Nc7 31. Bg2 e5 32. Nb3 Na8 33. Na5 Kh7 34. Qf3 Qb6 35.
Nd5 Nxd5 36. Rxd5 Nc7 37. R5d3 Ne6 38. Qe2 h4 39. Kh2 Bh6 40. Rd5 Nc7 41. R5d3
Ne6 42. Bf3 Ng7 43. Kg2 f6 44. Bg4 f5 45. Bf3 hxg3 46. fxg3 fxe4 47. Bxe4 Nf5
48. Re1 Rd7 49. Rf3 Rdc7 50. h4 d5 51. Bxf5 gxf5 52. Qxe5 Bg7 53. Qxd5 Rd8 54.
Qxf5+ Bg6 55. Qg4 Rd2+ 56. Kh3 Rcc2 57. Rh1 Rxb2 58. h5 Bc2 59. Rf7 Qh6 60. Nc6
Rd5 61. Kh4 Qf6+ 62. Rxf6 Bxf6+ 63. Kh3 Bf5 0-1

[Event "URS-ch sf"]
[Site "Severodonetsk"]
[Date "1982.??.??"]
[Round "?"]
[White "Dolmatov, Sergey"]
[Black "Karasev, Vladimir"]
[Result "1-0"]
[WhiteElo "2590"]
[BlackElo "2390"]
[PlyCount "49"]
[EventDate "1982.06.??"]
[EventType "tourn"]
[EventRounds "17"]
[EventCountry "URS"]
[SourceTitle "EXT 1999"]
[Source "ChessBase"]
[SourceDate "1998.11.10"]
[SourceVersion "1"]
[SourceVersionDate "1998.11.10"]
[SourceQuality "1"]

1. e4 d6 2. d4 Nf6 3. Bd3 e5 4. c3 d5 5. dxe5 dxe4 6. Bb5+ Bd7 7. Bc4 Ng4 8.
Bxf7+ Kxf7 9. e6+ Kxe6 10. Qxg4+ Kf7 11. Qh5+ g6 12. Qd5+ Kg7 13. Ne2 Nc6 14.
Nd4 Bg4 15. Ne6+ Bxe6 16. Qxe6 Bc5 17. O-O Rf8 18. Nd2 Qd3 19. Nxe4 Bb6 20. Bg5
Rfe8 21. Qf6+ Kg8 22. Bh6 Re7 23. Rae1 Rae8 24. Ng5 Qf5 25. Qg7+ 1-0

[Event "URS-ch sf"]
[Site "Severodonetsk"]
[Date "1982.??.??"]
[Round "?"]
[White "Dolmatov, Sergey"]
[Black "Kupreichik, Viktor"]
[Result "1/2-1/2"]
[WhiteElo "2590"]
[BlackElo "2570"]
[PlyCount "201"]
[EventDate "1982.06.??"]
[EventType "tourn"]
[EventRounds "17"]
[EventCountry "URS"]
[SourceTitle "EXT 1999"]
[Source "ChessBase"]
[SourceDate "1998.11.10"]
[SourceVersion "1"]
[SourceVersionDate "1998.11.10"]
[SourceQuality "1"]

1. d4 Nf6 2. c4 g6 3. Nc3 Bg7 4. e4 O-O 5. f3 a6 6. Be3 d6 7. Bd3 c5 8. d5 b5
9. cxb5 e6 10. dxe6 Bxe6 11. Nge2 Qa5 12. bxa6 d5 13. exd5 Nxd5 14. Bd2 Nb4 15.
Be4 Rxa6 16. O-O Rd6 17. Qc1 Nxa2 18. Bf4 Nxc1 19. Rxa5 Nxe2+ 20. Nxe2 Rb6 21.
Rxc5 Na6 22. Rc2 f5 23. Bd3 Nb4 24. Rd2 Nxd3 25. Rxd3 Bc4 26. Re3 Rxb2 27. Re1
Ra8 28. Be5 Bxe5 29. Rxe5 Raa2 30. Kf2 g5 31. f4 g4 32. h3 g3+ 33. Kxg3 Bxe2
34. Rxf5 Bd3 35. Rg5+ Kf7 36. Kh2 h6 37. Rg3 Ba6 38. Rc1 Bb7 39. Rc7+ Kf6 40.
Rcg7 Kf5 41. Rf7+ Ke6 42. Rfg7 Bd5 43. R3g4 Kf5 44. R7g6 Bf3 45. Rg3 Be4 46. h4
Kxf4 47. Rf6+ Ke5 48. Rxh6 Rxg2+ 49. Rxg2 Rxg2+ 50. Kh3 Rb2 51. Kg3 Rg2+ 52.
Kh3 Rg8 53. Ra6 Kf4 54. Rf6+ Bf5+ 55. Kh2 Rg4 56. Rf8 Ke4 57. h5 Rg5 58. h6 Ke3
59. h7 Bxh7 60. Rf1 Bd3 61. Rg1 Rh5+ 62. Kg3 Be2 63. Kg2 Ra5 64. Kg3 Ra8 65.
Rg2 Ra1 66. Kh2 Bf3 67. Rg1 Ra2+ 68. Kg3 Re2 69. Kh3 Kf2 70. Kh2 Ke3+ 71. Kg3
Rf2 72. Kh4 Kf4 73. Rg4+ Kf5 74. Rg5+ Kf6 75. Ra5 Rg2 76. Ra3 Be4 77. Re3 Bf5
78. Rf3 Ke5 79. Rg3 Rh2+ 80. Kg5 Be4 81. Kg4 Rh8 82. Kg5 Rf8 83. Kg4 Rf4+ 84.
Kg5 Bf3 85. Rg1 Rf8 86. Kh4 Be4 87. Rg5+ Kf4 88. Rg4+ Ke3 89. Rg3+ Bf3 90. Rg7
Rf5 91. Rg5 Rf4+ 92. Kg3 Be4 93. Rg7 Rf1 94. Rg5 Bf5 95. Kh4 Rf4+ 96. Kh5 Ke4
97. Rg1 Rf3 98. Kg5 Ke5 99. Re1+ Be4 100. Rg1 Re3 101. Rg4 1/2-1/2

[Event "URS-ch sf"]
[Site "Severodonetsk"]
[Date "1982.??.??"]
[Round "?"]
[White "Dolmatov, Sergey"]
[Black "Malaniuk, Vladimir"]
[Result "0-1"]
[WhiteElo "2590"]
[BlackElo "2430"]
[PlyCount "80"]
[EventDate "1982.06.??"]
[EventType "tourn"]
[EventRounds "17"]
[EventCountry "URS"]
[SourceTitle "EXT 2009"]
[Source "ChessBase"]
[SourceDate "2008.11.26"]
[SourceVersion "1"]
[SourceVersionDate "2008.11.26"]
[SourceQuality "1"]

1. e4 e5 2. Nf3 Nc6 3. Bc4 Nf6 4. d3 h6 5. O-O d6 6. c3 g6 7. d4 Qe7 8. Re1 Bg7
9. h3 O-O 10. Nbd2 Bd7 11. Nf1 Kh8 12. Ng3 Nh7 13. Be3 h5 14. dxe5 Nxe5 15.
Nxe5 dxe5 16. a4 Rad8 17. Qb3 b6 18. a5 Bc6 19. f3 Bf6 20. Red1 Bg5 $11 21. Bf2
Kg7 22. Nf1 Bh4 23. g3 Bg5 24. h4 Bh6 25. Bb5 Ba8 26. axb6 axb6 27. Ra7 Rxd1
28. Qxd1 Rb8 29. Ne3 Nf6 30. Nc2 Rd8 31. Qe1 Rd2 32. Ne3 Rxb2 33. Bd3 Qd8 34.
Qc1 Qxd3 35. Qxb2 Bxe4 36. fxe4 Bxe3 37. Rxc7 Nxe4 38. Bxe3 Qxe3+ 39. Kf1 Nd2+
40. Kg2 Qe2+ 0-1

[Event "URS-ch sf"]
[Site "Severodonetsk"]
[Date "1982.??.??"]
[Round "?"]
[White "Dolmatov, Sergey"]
[Black "Tseshkovsky, Vitaly"]
[Result "1/2-1/2"]
[WhiteElo "2590"]
[BlackElo "2595"]
[PlyCount "85"]
[EventDate "1982.06.??"]
[EventType "tourn"]
[EventRounds "17"]
[EventCountry "URS"]
[SourceTitle "EXT 1999"]
[Source "ChessBase"]
[SourceDate "1998.11.10"]
[SourceVersion "1"]
[SourceVersionDate "1998.11.10"]
[SourceQuality "1"]

1. e4 d6 2. d4 Nf6 3. Bd3 g6 4. c3 Bg7 5. Nf3 O-O 6. O-O Nc6 7. Re1 e5 8. h3 h6
9. Be3 Nh5 10. Nbd2 Bd7 11. a4 a6 12. dxe5 dxe5 13. Bf1 Be6 14. b4 b6 15. Nc4
Nf4 16. Kh2 Qf6 17. Nfd2 Rfd8 18. Qc2 Bd7 19. g3 g5 20. f3 Ng6 21. Bf2 h5 22.
Ne3 Nce7 23. Kg1 Be6 24. Rad1 Bh6 25. Bg2 Rd7 26. Ndf1 Rad8 27. Rxd7 Rxd7 28.
Rd1 h4 29. Ng4 Bxg4 30. hxg4 Rxd1 31. Qxd1 Qc6 32. Qd3 Bf8 33. b5 axb5 34. axb5
Qe6 35. Qd2 hxg3 36. Nxg3 Nf4 37. Bf1 Qb3 38. Nh5 Neg6 39. Nxf4 Nxf4 40. Be3
Kg7 41. Bxf4 gxf4 42. Qd8 Qxc3 43. Qg5+ 1/2-1/2

[Event "URS-ch sf"]
[Site "Severodonetsk"]
[Date "1982.??.??"]
[Round "?"]
[White "Sideif Sade, Fikret Israfil"]
[Black "Dolmatov, Sergey"]
[Result "0-1"]
[WhiteElo "2355"]
[BlackElo "2590"]
[PlyCount "110"]
[EventDate "1982.06.??"]
[EventType "tourn"]
[EventRounds "17"]
[EventCountry "URS"]
[SourceTitle "EXT 1999"]
[Source "ChessBase"]
[SourceDate "1998.11.10"]
[SourceVersion "1"]
[SourceVersionDate "1998.11.10"]
[SourceQuality "1"]

1. d4 Nf6 2. c4 e6 3. Nc3 c5 4. d5 exd5 5. cxd5 d6 6. e4 g6 7. f3 Bg7 8. Bg5
O-O 9. Qd2 Re8 10. Nge2 a6 11. a4 Nbd7 12. Ng3 Qa5 13. Ra3 Rb8 14. Be2 Qb4 15.
O-O Qa5 16. Rc1 h5 17. Bh6 Nh7 18. Bxg7 Kxg7 19. Nb1 Qb6 20. Re3 Qd8 21. Na3
Qf6 22. Qc3 Ne5 23. Rf1 h4 24. Nh1 g5 25. Nf2 Nf8 26. Nd3 Nfg6 27. Nxe5 Nxe5
28. Nc4 b5 29. axb5 axb5 30. Nxe5 Rxe5 31. Qd2 Qf4 32. Rd3 b4 33. Qxf4 gxf4 34.
Rdd1 f5 35. Bd3 Kf6 36. Ra1 Re7 37. Kf2 fxe4 38. Bxe4 Bf5 39. Bxf5 Kxf5 40. Ra6
Rbe8 41. Rxd6 Re2+ 42. Kg1 Rxb2 43. Rh6 Ree2 44. Rh5+ Kf6 45. Rxh4 Rxg2+ 46.
Kh1 Ke5 47. Rh5+ Kd6 48. Re1 Rge2 49. Rd1 Rbd2 50. Rg1 c4 51. Rg6+ Kc5 52. d6+
Kd4 53. d7 Re1+ 54. Rg1 Rxg1+ 55. Kxg1 Kc3 0-1

[Event "URS 60 years rap"]
[Site "Moscow"]
[Date "1982.12.??"]
[Round "?"]
[White "Balashov, Yuri"]
[Black "Dolmatov, Sergey"]
[Result "1/2-1/2"]
[WhiteElo "2555"]
[BlackElo "2590"]
[PlyCount "54"]
[EventDate "1982.12.07"]
[EventType "tourn (rapid)"]
[EventRounds "15"]
[EventCountry "URS"]
[SourceTitle "EXT 2006"]
[Source "ChessBase"]
[SourceDate "2005.11.24"]
[SourceVersion "1"]
[SourceVersionDate "2005.11.24"]
[SourceQuality "1"]

1. e4 e6 2. d4 d5 3. Nc3 Bb4 4. e5 c5 5. a3 Bxc3+ 6. bxc3 Ne7 7. Nf3 Bd7 8.
dxc5 Qa5 9. Bd3 Na6 10. O-O Nxc5 11. Rb1 Nxd3 12. Qxd3 Qc7 13. Rb4 Rc8 14. Bd2
Nc6 15. Rg4 Nxe5 16. Nxe5 Qxe5 17. Re1 Qf6 18. Qg3 O-O 19. Re5 g6 20. h4 Rc4
21. Rxc4 dxc4 22. h5 Qe7 23. Bh6 Re8 24. hxg6 fxg6 25. Ra5 e5 26. Rxa7 Bc6 27.
Qg4 Qe6 1/2-1/2

[Event "URS 60 years rap"]
[Site "Moscow"]
[Date "1982.12.??"]
[Round "?"]
[White "Bronstein, David"]
[Black "Dolmatov, Sergey"]
[Result "1/2-1/2"]
[WhiteElo "2495"]
[BlackElo "2590"]
[PlyCount "71"]
[EventDate "1982.12.07"]
[EventType "tourn (rapid)"]
[EventRounds "15"]
[EventCountry "URS"]
[SourceTitle "EXT 2006"]
[Source "ChessBase"]
[SourceDate "2005.11.24"]
[SourceVersion "1"]
[SourceVersionDate "2005.11.24"]
[SourceQuality "1"]

1. c4 c5 2. Nf3 Nf6 3. Nc3 e6 4. g3 b6 5. Bg2 Bb7 6. O-O Be7 7. b3 O-O 8. d4
cxd4 9. Qxd4 d6 10. Ba3 Nc6 11. Qf4 d5 12. Bxe7 Nxe7 13. Rac1 Qb8 14. Ne5 dxc4
15. Bxb7 Qxb7 16. Nxc4 Ned5 17. Nxd5 Nxd5 18. Qe5 b5 19. Nd6 Qd7 20. Ne4 b4 21.
Rc4 a5 22. Rd1 Rfc8 23. Rdd4 f6 24. Qh5 Qe7 25. e3 f5 26. Ng5 h6 27. Nf3 Nc3
28. Ne5 Rxc4 29. Rxc4 Nxa2 30. Qf3 Re8 31. Qc6 Nc3 32. Ng6 Qf7 33. Ne5 Qe7 34.
Ng6 Qf7 35. Ne5 Qe7 36. Ng6 1/2-1/2